Normal view
MARC view
- Ash, Russell
Entry Personal Name
001 - CONTROL NUMBER
- control field: 56001
003 - CONTROL NUMBER IDENTIFIER
- control field: NUST
005 - DATE AND TIME OF LATEST TRANSACTION
- control field: 20210628201617.0
008 - FIXED-LENGTH DATA ELEMENTS
- fixed length control field: 210628|| aca||aabn | a|a d
040 ## - CATALOGING SOURCE
- Original cataloging agency: NUST
- Transcribing agency: NUST
100 ## - HEADING--PERSONAL NAME
- Personal name: Ash, Russell
670 ## - SOURCE DATA FOUND
- Source citation: Work cat.: (NUST): Ash, Russell., The factastic book of 1001 lists /, 1998.
